000 00762cam a2200253 4500
008 090401t1994 xxu||||| |||| 00| 0 eng d
020 _a0906182883
035 _a(Sirsi) u21552
041 _aeng
050 _a692.5
110 _aBuilding Maintenance Information Ltd
_92307
245 _aBMI building maintenance price book 1995.
250 _a15th ed.
260 _aKingston upon Thames
_bBuilding Maintenance Information Ltd
_c1994
300 _a212p. ; 21cm.
350 _a42
650 _aBUILT ENVIRONMENT-BUILDING COSTS
650 _aLABOUR COSTS
650 _aBUILT ENVIRONMENT-BUILDING MAINTENANCE AND REFURBISHMENT
650 _aBUILDING PRICE BOOKS
690 _aBUILT ENVIRONMENT-BUILDING COSTS
942 _n0
948 _c04/03/1997
999 _c88003
_d88003